The cotonou agreement and its implications for the regional trade agenda in Eastern and Southern Africa (Record no. 289617)

000 -LEADER
fixed length control field 00416cam a22001097a 4500
008 - FIXED-LENGTH DATA ELEMENTS--GENERAL INFORMATION
fixed length control field 180718b2003 xxu||||| |||| 00| 0 eng d
100 ## - MAIN ENTRY--PERSONAL NAME
Personal name Rocha, Manuel de la
245 ## - TITLE STATEMENT
Title The cotonou agreement and its implications for the regional trade agenda in Eastern and Southern Africa
Statement of responsibility, etc. by Manuel de la Rocha
260 ## - PUBLICATION, DISTRIBUTION, ETC.
Place of publication, distribution, etc. Washington, D.C.
Name of publisher, distributor, etc. World Bank
Date of publication, distribution, etc. 2003
300 ## - PHYSICAL DESCRIPTION
Extent 25p.
440 ## - SERIES STATEMENT/ADDED ENTRY--TITLE
Title Policy research working paper; no. 3090
Holdings
Withdrawn status Lost status Damaged status Not for loan Permanent Location Current Location Date acquired Barcode Date last seen Price effective from Koha item type
        Indian Institute of Public Administration Indian Institute of Public Administration 2003-09-08 WB9682 2018-07-20 2018-07-20 WB

Powered by Koha